| 000 | 00496nam a2200181Ia 4500 | ||
|---|---|---|---|
| 005 | 20250508163636.0 | ||
| 008 | 008 250505s9999 xx 000 0 hin d | ||
| 037 | _aTextual | ||
| 040 |
_aFEDL _beng _cFEDL |
||
| 041 |
_ahin _2eng |
||
| 084 |
_aB, KED _qFEDL |
||
| 100 |
_aKedarnath Singh _924674 |
||
| 245 | 0 | _aMere samaya ke shabda | |
| 260 |
_aNew Delhi, India _bRadhakrishna Prakashan Pvt. Ltd. _c1993 |
||
| 300 | _a210p. | ||
| 942 |
_cTEXL _hB, KED |
||
| 999 |
_c1384482 _d1384482 |
||